La explotación de los océanos : la economía del futuro /
Đã lưu trong:
| Tác giả chính: | |
|---|---|
| Định dạng: | Sách |
| Ngôn ngữ: | Tiếng Tây Ban Nha |
| Được phát hành: |
Barcelona, España :
Orbis,
1986, c1986
|
| Loạt: | (Biblioteca de Divulgación Científica Muy Interesante ;
65) |
| Những chủ đề: | |
| Các nhãn: |
Không có thẻ, Là người đầu tiên thẻ bản ghi này!
|
MARC
| LEADER | 00000nam^a2200000^a^4500 | ||
|---|---|---|---|
| 001 | 000314506 | ||
| 005 | 20250521000000.0 | ||
| 009 | 20260310113216.279 | ||
| 020 | |a 84-7634-723-5 | ||
| 037 | |a Acervo ITESO - Biblioteca | ||
| 041 | |a ESP | ||
| 082 | |a 500. |b BIB V. 65 | ||
| 100 | |a Béguery, Michel |e (autor) | ||
| 245 | 1 | 3 | |a La explotación de los océanos : |b la economía del futuro / |c M. Béguery ; pról. y tr. por Enrique González Lonzieme. |
| 246 | 2 | |a Título en la cubierta: La explotación de los océanos | |
| 264 | 4 | |a Barcelona, España : |b Orbis, |c 1986, c1986 | |
| 300 | |a 191 p. | ||
| 336 | |a texto |b txt |2 rdacontenido | ||
| 337 | |a sin mediación |b n |2 rdamedio | ||
| 338 | |a volumen |b nc |2 rdasoporte | ||
| 440 | 1 | |a (Biblioteca de Divulgación Científica Muy Interesante ; |v 65) | |
| 500 | |a Traducción de: L'exploitation des océans. L'économie de demain | ||
| 649 | |a XX | ||
| 650 | |a Recursos Marinos - |x Tema Principal | ||
| 650 | |a Recursos Naturales Renovables | ||
| 650 | |a Mar - |x Contaminación | ||
| 650 | |a Derecho Marítimo | ||
| 650 | |a Derecho Internacional | ||
| 650 | |a Economía | ||
| 650 | |a Oceanografía | ||
| 650 | |a Medio Ambiente | ||
| 650 | |a Ciencia - |x Difusión | ||
| 910 | |a Fondo General | ||
| 920 | |a Impresos - Libros | ||
| 930 | |a Colección General | ||
| 905 | |a 101 | ||
| 901 | |a 0500201119 |b IT1 |c ACC |i D55864 |u 20250521 | ||
| 902 | |a https://opac.biblio.iteso.mx/vufind/Record/000314506 | ||